000
00323nam a2200133Ia 4500
008
191201s2002 xx 000 0 und d
082
_a
332
_b
SHF
100
_a
SHAHANI, Rakesh
245
0
_a
Financial Markets and Services
260
_a
N.Delhi
_b
Galgotia Pub. Pvt
_c
2002
300
_a
446
650
_a
MBA
942
_2
ddc
_c
BK
999
_c
3106
_d
3106